Statistics for Lana Del Rey - Money Power Glory Lyrics

Click here to take the quiz!

General Stats

  • This quiz has been taken 44 times
  • The average score is 213 of 249

Answer Stats

Answer% Correct
a
100%
all
100%
and
100%
b-
100%
glory
100%
I
100%
money
100%
power
100%
that
100%
want
100%
You
100%
you
100%
your
100%
bitch
96%
say
96%
The
96%
the
96%
at
92%
not
92%
Not
92%
That's
92%
that's
92%
this
92%
to
92%
wants
92%
what
92%
away
88%
far
88%
go
88%
got
88%
I'm
88%
land
88%
wanna
88%
we
88%
about
85%
do
85%
for
85%
from
85%
lots
85%
talk
85%
them
85%
they
85%
But
81%
God
81%
How
81%
take
81%
today?
81%
we're
81%
are
77%
gonna
77%
it
77%
living
77%
on
77%
supposed
77%
way
77%
also
73%
fail
73%
Freedom
73%
get
73%
like
73%
rises
73%
sun
73%
baby
69%
Baby
69%
can
69%
Hallelujah
69%
if
69%
know
69%
life
69%
My
69%
who
69%
with
69%
boy
65%
comes
65%
of
65%
really
65%
there
65%
those
65%
run
62%
call
58%
comprises
58%
diamonds
58%
Diamonds
58%
Dope
58%
fails
58%
should
58%
think
58%
falls
50%
losses
50%
wins
50%
you'll
50%
am
35%

Score Distribution

Percentile by Number Answered

Percent of People with Each Score

Your Score History

You have not taken this quiz